00490nam a22001577a 4500003000500000020001500005038001600020082001800036100002500054245007200079260003600151300001300187500001400200880004000214880007800254NUST a9698452119 aZafar Malik a891.4291bMAY aMayhesar, Shah Nawaz aShujaat Kay Taray Watan Kay Sipahi (Part-1) \cShah Nawaz Mayhesar aIslamabad :bThe Books ;c2004. a202 p. ; aHardcover 6100-02\raشاہنواز مہیسر 6245-02\ra(شجاعت کے تارے وطن کے سپاہی (حصہ اول